000 00570nam a2200181 i 4500
001 25211
003 ES-MaACL
005 20250930063039.0
007 t|
008 021223s1929 cu ||||1| spa d
100 1 _aAramburo y Machado, Mariano,
_d1870-1942
_922220
245 1 0 _aProyecto de Código civil cubano
_b: (libro 1º) /
_cMariano Aramburo y Machado.
260 _aHabana :
_bImp. de Rambla, Bouza y Cía.,
_c1929.
300 _a104 p. ;
_c23 cm.
650 4 _aDerecho civil-
_zCuba.
_9171521
852 _aES-MaACL
_jB-5482
999 _c25211
_d25211